Ace Ventura Pet Detective Quiz - Statistics

General Stats
  • This quiz has been taken 9 times
  • The average score is 11 of 15
Answer Stats
Hint Answer % Correct
Laces ___ Out
100%
The missing dolphin's name Snowflake
100%
What county is Ray Finkle from Collier
83%
Who are the Dolphins playing in the superbowl Eagles
83%
Dan Marino is advertising these before he is abrubtly kidnapped Isotoners
83%
Finish the quote (3) "Obsessed _____?" "Much"
83%
Who killed Rodger Podactor Ray Finkle
83%
What does ace claim is a disgusting habit Smoking
83%
Finish the quote (1) "Martha Mans? oh right the _____" "Bitch"
67%
Finish the quote "If i'm not back in 5 minutes, ____ ____ ______" "Just wait longer"
67%
Finish the quote (2) "And then i loose 30 pounds, _____ ___ ____" "Porking his wife"
67%
Ace's alter ego at the fancy party Tom Ace
67%
The delivery comapny Ace pretends to work for at the beggining HDS
50%
Ace's landlord's name Mr. Shikadance
50%
The mental institution Ray Finkle was administered to Shady Oaks (Tampa)
33%
No matching quizzes found
Score Distribution
Percent of People with Each Score
Percentile by Number Answered
Your Score History
You have not taken this quiz